书目信息 |
| 题名: |
一个等待与无用的民族
|
|
| 作者: | 夏可君 著 | |
| 分册: | ||
| 出版信息: | 北京 北京大学出版社 2017 |
|
| 页数: | 283页 | |
| 开本: | 23cm | |
| 丛书名: | ||
| 单 册: | ||
| 中图分类: | B223.55 , B516.54 | |
| 科图分类: | ||
| 主题词: | 道家--哲学思想--研究 , 哲学思想--研究--德国--现代 | |
| 电子资源: | ||
| ISBN: | 978-7-301-28399-8 | |
| 000 | 01515nam0 2200301 450 | |
| 001 | 1352 | |
| 005 | 20180522111111.68 | |
| 010 | @a978-7-301-28399-8@dCNY45.00 | |
| 100 | @a20171018d2017 em y0chiy50 ea | |
| 101 | 0 | @achi |
| 102 | @aCN@b110000 | |
| 105 | @ay az 001yy | |
| 200 | 1 | @a一个等待与无用的民族@9yi ge deng dai yu wu yong de min zu@e庄子与海德格尔的第二次转向@dEin wartendes und unbrauchbares Volk@eZhuangzi und Heideggers zweite Kehre@f夏可君著@zger |
| 210 | @a北京@c北京大学出版社@d2017 | |
| 215 | @a283页@d23cm | |
| 320 | @a有书目(第271-279页)和索引(第280-283页) | |
| 330 | @a本书探讨海德格尔与庄子思想的关系,探讨现代性与哲学遇到的整体危机,本书具体分析庄子的影响具体“介入”到海德格尔第二次转向的思考中,以及具体思考无用的观念如何“转化”海德格尔后期的整个思想,成为中国思想介入当前争论的一次机会,这也势必带来整个哲学的转机。海德格尔借助庄子的思想,在改写德语与希腊的思想本身,以“无用”和“可用”的概念重新打开了一条思想的道路,形成了后期思想的转换。 | |
| 510 | 1 | @aEin wartendes und unbrauchbares Volk@eZhuangzi und Heideggers zweite Kehre@zger |
| 517 | 1 | @a庄子与海德格尔的第二次转向@9zhuang zi yu hai de ge er de di er ci zhuan xiang |
| 600 | 0 | @a庄周@f(前369-前286)@x哲学思想@x研究 |
| 600 | 0 | @a海德格尔@c(Heidegger,Martin@f1889-1976)@x哲学思想@x研究 |
| 606 | 0 | @a道家@x哲学思想@x研究 |
| 606 | 0 | @a哲学思想@x研究@y德国@z现代 |
| 690 | @aB223.55@v5 | |
| 690 | @aB516.54@v5 | |
| 701 | 0 | @a夏可君@9xia ke jun@4著 |
| 801 | 0 | @aCN@b91MARC@c20171018 |
| 905 | @aMuseLib@dB223.55@e685 | |
| 一个等待与无用的民族:庄子与海德格尔的第二次转向=Ein wartendes und unbrauchbares Volk:Zhuangzi und Heideggers zweite Kehre/夏可君著.-北京:北京大学出版社,2017 |
| 283页;23cm |
| ISBN 978-7-301-28399-8:CNY45.00 |
| 本书探讨海德格尔与庄子思想的关系,探讨现代性与哲学遇到的整体危机,本书具体分析庄子的影响具体“介入”到海德格尔第二次转向的思考中,以及具体思考无用的观念如何“转化”海德格尔后期的整个思想,成为中国思想介入当前争论的一次机会,这也势必带来整个哲学的转机。海德格尔借助庄子的思想,在改写德语与希腊的思想本身,以“无用”和“可用”的概念重新打开了一条思想的道路,形成了后期思想的转换。 |
| ● |
| 相关链接 |
|
|
|
|
正题名:一个等待与无用的民族
索取号:B223.55/685
 
预约/预借
| 序号 | 登录号 | 条形码 | 馆藏地/架位号 | 状态 | 备注 |
| 1 | 1069450 | 210694505 | 第一样本阅览室/ [索取号:B223.55/685] | 在馆 | |
| 2 | 1069451 | 210694514 | 密集书库-马院/ [索取号:B223.55/685] | 在馆 | |
| 3 | 1069452 | 210694523 | 第一借阅区/ [索取号:B223.55/685] | 在馆 | |
| 4 | 1069453 | 210694532 | 第一借阅区/ [索取号:B223.55/685] | 在馆 | |
| 5 | 1069454 | 210694541 | 第一借阅区/ [索取号:B223.55/685] | 在馆 | |
| 6 | 1069455 | 210694550 | 第一借阅区/ [索取号:B223.55/685] | 在馆 | |
| 7 | 1104012 | 211040121 | 第一借阅区/ [索取号:B223.55/685] | 在馆 | |
| 8 | 1104013 | 211040130 | 教育系资料室/ [索取号:B223.55/685] | 在馆 | |
| 9 | 1104014 | 211040149 | 教育系资料室/ [索取号:B223.55/685] | 在馆 | |
| 10 | 1104015 | 211040158 | 教育系资料室/ [索取号:B223.55/685] | 在馆 | |
| 11 | 1104016 | 211040167 | 第一借阅区/ [索取号:B223.55/685] | 在馆 | |
| 12 | 1104017 | 211040176 | 第一借阅区/ [索取号:B223.55/685] | 在馆 |